Statistics for Top 15 Countries with Covid-19 Deaths - 5 January 2022

Click here to take the quiz!

General Stats

  • This quiz has been taken 26 times
  • The average score is 16 of 27

Answer Stats

country% Correct
United States
100%
Brazil
96%
France
96%
Russia
96%
United Kingdom
96%
India
92%
Italy
88%
Germany
77%
Mexico
77%
Argentina
73%
Colombia
69%
Iran
69%
Poland
69%
Peru
62%
Indonesia
58%
Czechia
38%
Hungary
38%
Bulgaria
35%
Croatia
35%
Romania
35%
Slovakia
35%
Bosnia and
Herzegovina
31%
Slovenia
31%
Georgia
19%
Lithuania
19%
North Macedonia
15%
Armenia
12%

Score Distribution

Percentile by Number Answered

Percent of People with Each Score

Your Score History

You have not taken this quiz